000 00496nam a22002057a 4500
003 koha_MIRAKIL
005 20231213095958.0
008 231213b |||||||| |||| 00| 0 ||| d
020 _b978-9-75570704-4
040 _aTR-IsEVY
_btur
_cTR-IsEVY
082 _a833.914 CAN/K
100 _aCanetti, Elias.
245 0 _aKörleşme
250 _a2. bs.
260 _bSel Yayınları,
_c2015
300 _a565 s.
650 _aAlman romanı.
650 _aGerman fiction.
942 _2ddc
_cBK
999 _c12541
_d12541